000 02145nam0a2200397 4500
001 RU\NLR\bibl\1318714
005 20260405171515.0
010 _a978-5-902586-17-3
_9500
021 _aRU
_b2008-92681
_95430
035 _a(nilc)EL/0000240049
035 _a(NLR Aleph) 001304079
090 _a637749
_c637749
100 _a20081119d2008 |||y0rusy50 ca
101 0 _arus
102 _aRU
105 _aa |||||||||
200 1 _aРадиационные катастрофы: последствия и контрмеры в сельском хозяйстве
_dRadiating accidents consequences and countermeasures in agriculture
_fБ.Н. Анненков
_zeng
210 _aМосква
_cСанэпидмедиа
_d2008
215 _a371 с.
_cил.
_d21
300 _aНа 4-й с. обл. авт.: Анненков Б.Н. - засл. деят. науки Рос. Федерации, лауреат Гос. премии СССР, д.б.н., проф.
320 _aБиблиогр.: с. 339-358 (249 назв.)
510 0 _6z11790
_aRadiating accidents consequences and countermeasures in agriculture
_zeng
606 1 _aСельское хозяйство
_xВедение в условиях радиоактивного загрязнения
_92170059
_3RU\NLR\auth\661305446
610 0 _aрадиоэкология
_aэкологические катастрофы
_aрадиоактивное загрязнение
_aсельское хозяйство
_aборьба с потерями
_aкачество с-х продукции
_aрадионуклиды
_aнакопление
675 _a504.5
_v4
675 _a338.14(470)
_v4
686 _a87.15.09
_2rugasnti
686 _aП015
700 1 _4070
_8rus
_7ca
_aАнненков
_bБ. Н.
_cд-р биол. наук
_gБорис Николаевич
_3RU\NLR\auth\7737130
_920119
790 1 _4070
_8rus
_7ba
_aAnnenkov
_bB. N.
_gBoris Nikolaevič
_3RU\NLR\auth\7773156
_956084
801 0 _aRU
_bЦНСХБ РАСХН
_c20081119
_gRCR
801 1 _aRU
_bЦНСХБ РАСХН
_c20090119
_2rusmarc
801 2 _aRU
_bNLR
_c20090122
_grcr
942 _cBOOK
980 _aNB